000 00655nam a2200169Ia 4500
008 090711s9999 xx 000 0 und d
082 _b61024
100 _aक्षीरसागर वा. म.
245 _aश्रीमत् लक्ष दासबोध
260 _bश्री सरस्वती प्रिंटींग प्रेस
_c1937
300 _a447
600 _aक्षीरसागर वा. म.
630 _aश्रीमत् लक्ष दासबोध
700 _aक्षीरसागर वा. म.
730 _aश्रीमत् लक्ष दासबोध
942 _cBOOK
999 _c281267
_d281267